[Event "Festival de Mulhouse 2021 Tournoi MI"]
[Site "MULHOUSE"]
[Date "2021.06.26"]
[Round "1.3"]
[White "Kuhn, Clement"]
[Black "Riff, Vincent"]
[Result "1/2-1/2"]
[WhiteElo "2302"]
[BlackElo "2405"]
[PlyCount "22"]
[EventDate "2021.??.??"]
[WhiteTeam "Ecole Française d'Echecs de Metz"]
[BlackTeam "Grasse Echecs"]

1. d4 d5 2. Nf3 Nf6 3. e3 Bf5 4. Bd3 Bxd3 5. Qxd3 c6 6. O-O e6 7. Nbd2 Nbd7 8.
b3 Bd6 9. Bb2 Qe7 10. e4 dxe4 11. Nxe4 Nxe4 1/2-1/2

[Event "CEHR Festival Mulhouse - Tournoi GMI"]
[Site "MULHOUSE"]
[Date "2021.06.26"]
[Round "1.4"]
[White "Rakotomaharo, Fy Antenaina"]
[Black "Charnushevich, Aliaksei"]
[Result "1/2-1/2"]
[WhiteElo "2435"]
[BlackElo "2499"]
[PlyCount "36"]
[EventDate "2021.??.??"]
[WhiteTeam "Mulhouse Philidor"]
[BlackTeam "Tour Prends Garde! Besancon"]

1. e4 c5 2. Nf3 e6 3. d4 cxd4 4. Nxd4 Nc6 5. Nc3 a6 6. g3 d6 7. Bg2 Bd7 8. O-O
Nf6 9. Re1 Be7 10. Nxc6 Bxc6 11. a4 O-O 12. a5 Nd7 13. Be3 b5 14. axb6 Nxb6 15.
Qd4 Nd7 16. f4 Qc7 17. Ra2 Bb7 18. Qa4 Rfc8 1/2-1/2

[Event "CEHR Festival Mulhouse - Tournoi GMI"]
[Site "MULHOUSE"]
[Date "2021.06.26"]
[Round "1.5"]
[White "Terrieux, Kevin"]
[Black "Burri, Quentin"]
[Result "1/2-1/2"]
[WhiteElo "2448"]
[BlackElo "2415"]
[PlyCount "39"]
[EventDate "2021.??.??"]
[WhiteTeam "Club d'Echecs Metz Fischer"]
[BlackTeam "Mulhouse Philidor"]

1. e4 c5 2. Nc3 Nc6 3. Bb5 Nd4 4. Nf3 Nxb5 5. Nxb5 d6 6. d4 a6 7. Nc3 cxd4 8.
Qxd4 e5 9. Qd3 h6 10. Nd2 Nf6 11. Nc4 Be6 12. Ne3 Rc8 13. O-O Be7 14. Ncd5 Nxd5
15. Nxd5 Bxd5 16. Qxd5 Rxc2 17. Qxb7 Qc8 18. Qxc8+ Rxc8 19. Be3 Kd7 20. Rac1
1/2-1/2

[Event "Festival de Mulhouse 2021 Tournoi MI"]
[Site "MULHOUSE"]
[Date "2021.06.26"]
[Round "1.5"]
[White "Colmenares, Aurelio"]
[Black "Materia, Marco"]
[Result "0-1"]
[WhiteElo "2316"]
[BlackElo "2287"]
[PlyCount "80"]
[EventDate "2021.??.??"]
[WhiteTeam "CE du Bassin Annemassien - Diagonale de l'Arv"]
[BlackTeam "Nomad' Echecs"]

1. e4 c5 2. Nf3 e6 3. b3 d5 4. Bb5+ Bd7 5. Bxd7+ Qxd7 6. exd5 Qxd5 7. Nc3 Qd8
8. Ne5 Nf6 9. Qe2 Be7 10. Bb2 Nbd7 11. f4 O-O 12. O-O Nxe5 13. fxe5 Nd7 14. Ne4
Rc8 15. c4 Rc6 16. Rae1 h6 17. Rf3 f5 18. exf6 Nxf6 19. Nf2 Qa5 20. Bc3 Qxa2
21. Re3 Qa6 22. Ra1 Qb6 23. Ba5 Qa6 24. Ra4 b6 25. Bc3 Qb7 26. Nd3 Bd8 27. Ne5
Rd6 28. Ra1 b5 29. Ng6 Re8 30. Be5 Rb6 31. cxb5 Rxb5 32. Rxa7 Qxa7 33. Qxb5 Qd7
34. Qe2 c4 35. bxc4 Bb6 36. d4 Bxd4 37. Bxd4 Qxd4 38. Ne5 Ra8 39. Qd3 Ra1+ 40.
Kf2 Qf4+ 0-1

[Event "Festival de Mulhouse 2021 Tournoi MI"]
[Site "MULHOUSE"]
[Date "2021.06.26"]
[Round "1.4"]
[White "Klek, Hanna Marie"]
[Black "Viennot, Dylan"]
[Result "1-0"]
[WhiteElo "2265"]
[BlackElo "2332"]
[PlyCount "81"]
[EventDate "2021.??.??"]
[BlackTeam "Sundgau Echecs"]

1. e4 e5 2. Nf3 Nc6 3. d4 exd4 4. Nxd4 Qf6 5. Nf3 Bb4+ 6. c3 Bc5 7. Bd3 h6 8.
O-O d6 9. b4 Bb6 10. Bb2 Nge7 11. Qc2 Ne5 12. Nxe5 dxe5 13. c4 c6 14. c5 Bc7
15. f4 Qh4 16. f5 g6 17. f6 Ng8 18. g3 Qg5 19. Be2 Bg4 20. Bc1 Qh5 21. Bc4 Bd8
22. Qb3 Rh7 23. b5 Bxf6 24. bxc6 bxc6 25. Qb7 Rc8 26. Nc3 Be7 27. Be3 Nf6 28.
Rad1 Qh3 29. Rd6 Nh5 30. Rxc6 Nxg3 31. Nd5 Bd8 32. Rd6 Bh4 33. Rff6 Kf8 34.
Qe7+ Kg8 35. Rxg6+ Rg7 36. Rxg7+ Kxg7 37. Qxe5+ Kg8 38. Rxh6 Ne2+ 39. Bxe2 f6
40. Nxf6+ Bxf6 41. Rxh3 1-0

[Event "Festival de Mulhouse 2021 Tournoi MI"]
[Site "MULHOUSE"]
[Date "2021.06.26"]
[Round "1.1"]
[White "Delchev, Aleksander"]
[Black "Lerch, Patrice"]
[Result "1/2-1/2"]
[WhiteElo "2503"]
[BlackElo "2354"]
[PlyCount "102"]
[EventDate "2021.??.??"]
[WhiteTeam "Asnières - Le Grand Echiquier"]
[BlackTeam "Mulhouse Philidor"]

1. e4 c5 2. Nf3 Nc6 3. Nc3 d6 4. d4 cxd4 5. Nxd4 Nf6 6. Bg5 g6 7. Bxf6 exf6 8.
Bb5 Bd7 9. Nde2 Be6 10. O-O Bg7 11. f4 f5 12. exf5 Bxf5 13. Ng3 Bxc3 14. Bxc6+
bxc6 15. bxc3 O-O 16. Nxf5 gxf5 17. Qh5 Qf6 18. Qg5+ Qxg5 19. fxg5 Rab8 20.
Rxf5 Rb2 21. Rf2 Re8 22. Rd1 Rxa2 23. Rxd6 Re1+ 24. Rf1 Re2 25. Rc1 Rexc2 26.
Rxc2 Rxc2 27. Rxc6 a5 28. h4 a4 29. Ra6 Rxc3 30. Rxa4 Kg7 31. Rf4 Ra3 32. Kh2
Rb3 33. Rf6 Ra3 34. g3 Ra5 35. Kh3 Rc5 36. Kg4 Ra5 37. h5 Ra4+ 38. Rf4 Ra6 39.
Re4 Ra5 40. Re8 h6 41. gxh6+ Kxh6 42. Rh8+ Kg7 43. Rd8 Rb5 44. Rd7 Ra5 45. Kh4
Rb5 46. g4 Ra5 47. Rd4 Ra1 48. Kg5 Ra5+ 49. Kf4 Ra1 50. g5 Rf1+ 51. Kg4 f5+
1/2-1/2

[Event "CEHR Festival Mulhouse - Tournoi GMI"]
[Site "MULHOUSE"]
[Date "2021.06.26"]
[Round "1.1"]
[White "Georgiev, Kiril"]
[Black "Dann, Matthias"]
[Result "1-0"]
[WhiteElo "2594"]
[BlackElo "2508"]
[PlyCount "89"]
[EventDate "2021.??.??"]
[WhiteTeam "Chevau légers de la Choisille"]
[BlackTeam "Saverne"]

1. d4 Nf6 2. c4 e6 3. Nf3 b6 4. Nc3 Bb4 5. Qb3 c5 6. Bg5 h6 7. Bh4 g5 8. Bg3
Ne4 9. e3 Nc6 10. Bd3 Bxc3+ 11. bxc3 Nxg3 12. hxg3 d6 13. Rh5 Ke7 14. Nd2 Ba6
15. Qa4 Na5 16. Nb3 Qe8 17. Qxe8+ Raxe8 18. Nxa5 bxa5 19. dxc5 d5 20. O-O-O
dxc4 21. Be4 Rc8 22. c6 Rc7 23. Rdh1 Bb5 24. Rxg5 hxg5 25. Rxh8 Bxc6 26. Bxc6
Rxc6 27. Rb8 a6 28. Rb7+ Kf6 29. a4 Kg6 30. Kc2 f5 31. Rb8 Kf6 32. Rd8 Ke5 33.
Rd4 g4 34. f3 gxf3 35. gxf3 Kf6 36. e4 Rc8 37. exf5 Kxf5 38. g4+ Kg5 39. Kd2 e5
40. Re4 Rc5 41. Ke3 Kf6 42. f4 exf4+ 43. Rxf4+ Kg6 44. Kd4 Rc8 45. Rf5 1-0

[Event "CEHR Festival Mulhouse - Tournoi GMI"]
[Site "MULHOUSE"]
[Date "2021.06.26"]
[Round "1.3"]
[White "Kurmann, Oliver"]
[Black "Bailet, Pierre"]
[Result "1/2-1/2"]
[WhiteElo "2424"]
[BlackElo "2520"]
[PlyCount "95"]
[EventDate "2021.??.??"]
[WhiteTeam "Palamede Echecs"]
[BlackTeam "Club d'Echecs Metz Fischer"]

1. e4 c6 2. Nc3 d5 3. Nf3 Bg4 4. h3 Bxf3 5. Qxf3 e6 6. g3 Nf6 7. Bg2 Bd6 8. O-O
O-O 9. d3 Nbd7 10. Qe2 Qc7 11. Kh1 dxe4 12. dxe4 e5 13. Nd1 Rfe8 14. Ne3 g6 15.
Bd2 a5 16. a4 Bb4 17. c3 Bf8 18. b4 Nb6 19. Rfb1 Red8 20. Be1 axb4 21. a5 Nc8
22. cxb4 Nd6 23. Nc4 Nb5 24. Rd1 Rd4 25. Rxd4 Nxd4 26. Qb2 Bg7 27. Bc3 Nd7 28.
Rd1 Nb5 29. h4 Rd8 30. Bh3 Nxc3 31. Qxc3 Nb8 32. Rxd8+ Qxd8 33. Qd2 Qxd2 34.
Nxd2 Bf8 35. Bc8 Bxb4 36. Nc4 b5 37. axb6 f6 38. Kg2 Kf7 39. Kh3 Bc5 40. f3 Bf2
41. h5 Bc5 42. Kg4 Bf2 43. f4 gxh5+ 44. Kh3 exf4 45. gxf4 h4 46. Kg4 Ke7 47. b7
Kd8 48. e5 1/2-1/2

[Event "CEHR Festival Mulhouse - Tournoi GMI"]
[Site "MULHOUSE"]
[Date "2021.06.26"]
[Round "2.1"]
[White "Charnushevich, Aliaksei"]
[Black "Georgiev, Kiril"]
[Result "1/2-1/2"]
[WhiteElo "2499"]
[BlackElo "2594"]
[PlyCount "46"]
[EventDate "2021.??.??"]
[WhiteTeam "Tour Prends Garde! Besancon"]
[BlackTeam "Chevau légers de la Choisille"]

1. d4 Nf6 2. Nf3 d5 3. c4 dxc4 4. e3 e6 5. Bxc4 c5 6. O-O a6 7. dxc5 Bxc5 8.
Qe2 Nc6 9. Nc3 O-O 10. e4 Qc7 11. Be3 Bxe3 12. Qxe3 Ng4 13. Qg5 Nge5 14. Nxe5
Qxe5 15. Qxe5 Nxe5 16. Be2 Bd7 17. f4 Ng6 18. g3 Bc6 19. Kf2 Rfd8 20. Ke3 Kf8
21. Rfd1 Ke7 22. Rxd8 Rxd8 23. Rc1 f6 1/2-1/2

[Event "CEHR Festival Mulhouse - Tournoi GMI"]
[Site "MULHOUSE"]
[Date "2021.06.26"]
[Round "2.2"]
[White "Prusikin, Michael"]
[Black "Burri, Quentin"]
[Result "1-0"]
[WhiteElo "2547"]
[BlackElo "2415"]
[PlyCount "133"]
[EventDate "2021.??.??"]
[WhiteTeam "C.E. Strasbourg"]
[BlackTeam "Mulhouse Philidor"]

1. e4 c5 2. Nf3 d6 3. d4 cxd4 4. Nxd4 Nf6 5. Nc3 Nc6 6. Bg5 e6 7. Bb5 Bd7 8.
Qd3 Be7 9. O-O-O h6 10. Bh4 O-O 11. Bxc6 bxc6 12. Nb3 d5 13. e5 Nh7 14. Bxe7
Qxe7 15. Qd4 f6 16. Rhe1 Ng5 17. f4 Nf7 18. Qc5 Rfe8 19. Qxe7 Rxe7 20. Na4 fxe5
21. fxe5 Rb8 22. Nac5 Nd8 23. Rd4 Be8 24. Kd2 Rb6 25. c3 Nb7 26. Rb4 Nxc5 27.
Nxc5 Rb5 28. Rxb5 cxb5 29. Rf1 Bf7 30. Nb3 Rb7 31. a3 Rb6 32. Nd4 Kf8 33. Rf4
Ke7 34. Rg4 Kf8 35. Nb3 Bh5 36. Rg3 Rc6 37. Nd4 Rb6 38. Re3 Ke7 39. Rg3 Kf8 40.
Re3 Ke7 41. g4 Be8 42. g5 hxg5 43. Rg3 Bd7 44. Rxg5 Kf7 45. h4 Rb8 46. h5 Rh8
47. Ke3 Rh7 48. Ne2 Rh8 49. Ng3 Rc8 50. Ne2 Rc4 51. Nd4 Rc8 52. Kf4 Rh8 53. Kg4
Rh6 54. Kh4 g6 55. Ne2 Rxh5+ 56. Rxh5 gxh5 57. Kxh5 Kg7 58. Kg5 a6 59. Nf4 Bc8
60. Nh5+ Kf7 61. Kh6 Bb7 62. b4 Bc6 63. Nf4 Be8 64. Nh3 Ke7 65. Kg7 Bh5 66. Nf4
Bg4 67. Ng6+ 1-0

[Event "CEHR Festival Mulhouse - Tournoi GMI"]
[Site "MULHOUSE"]
[Date "2021.06.26"]
[Round "2.3"]
[White "Bailet, Pierre"]
[Black "Terrieux, Kevin"]
[Result "1/2-1/2"]
[WhiteElo "2520"]
[BlackElo "2448"]
[PlyCount "20"]
[EventDate "2021.??.??"]
[WhiteTeam "Club d'Echecs Metz Fischer"]
[BlackTeam "Club d'Echecs Metz Fischer"]

1. Nf3 Nf6 2. g3 b6 3. Bg2 Bb7 4. O-O e6 5. d3 d5 6. c4 Be7 7. Nc3 O-O 8. Bf4
c5 9. Ne5 Nc6 10. Nxc6 Bxc6 1/2-1/2

[Event "CEHR Festival Mulhouse - Tournoi GMI"]
[Site "MULHOUSE"]
[Date "2021.06.26"]
[Round "2.4"]
[White "Dann, Matthias"]
[Black "Kurmann, Oliver"]
[Result "1/2-1/2"]
[WhiteElo "2508"]
[BlackElo "2424"]
[PlyCount "41"]
[EventDate "2021.??.??"]
[WhiteTeam "Saverne"]
[BlackTeam "Palamede Echecs"]

1. c4 e5 2. g3 Nf6 3. Bg2 Bc5 4. Nc3 c6 5. e3 O-O 6. Nge2 Bb6 7. d4 exd4 8.
exd4 d5 9. cxd5 Nxd5 10. O-O Be6 11. Re1 a5 12. Ne4 Na6 13. N2c3 h6 14. Na4 Ba7
15. Be3 Nxe3 16. fxe3 f5 17. Nf2 Bd5 18. Bxd5+ Qxd5 19. Nc3 Qf7 20. Nd3 Bb8 21.
Rf1 1/2-1/2

[Event "CEHR Festival Mulhouse - Tournoi GMI"]
[Site "MULHOUSE"]
[Date "2021.06.26"]
[Round "2.5"]
[White "Barseghyan, Harutyun"]
[Black "Rakotomaharo, Fy Antenaina"]
[Result "1/2-1/2"]
[WhiteElo "2462"]
[BlackElo "2435"]
[PlyCount "86"]
[EventDate "2021.??.??"]
[WhiteTeam "Nice Alekhine"]
[BlackTeam "Mulhouse Philidor"]

1. d4 Nf6 2. Nf3 g6 3. Nbd2 Bg7 4. e4 d6 5. Bb5+ Bd7 6. Bxd7+ Qxd7 7. O-O Nc6
8. Qe2 O-O 9. Rd1 Nh5 10. c3 a6 11. Nf1 e5 12. dxe5 Nxe5 13. Ng3 Nxf3+ 14. Qxf3
Nxg3 15. hxg3 Qc6 16. Bf4 Rae8 17. Re1 Re6 18. Re3 Qb5 19. Qe2 Qxe2 20. Rxe2
Rfe8 21. Rae1 f5 22. f3 Kf7 23. Kf2 fxe4 24. Rxe4 Rxe4 25. Rxe4 Rxe4 26. fxe4
Ke6 27. g4 b5 28. Ke2 c5 29. Kd3 c4+ 30. Ke2 d5 31. exd5+ Kxd5 32. Kf3 b4 33.
Bd2 b3 34. a3 Bf8 35. Bc1 Bd6 36. a4 Be5 37. Bd2 g5 38. Bc1 h6 39. Bd2 Bg3 40.
Bc1 Be1 41. Ke2 Bg3 42. Kf3 Be1 43. Ke2 Bg3 1/2-1/2

[Event "CEHR Festival Mulhouse - Tournoi GMI"]
[Site "MULHOUSE"]
[Date "2021.06.26"]
[Round "3.1"]
[White "Georgiev, Kiril"]
[Black "Barseghyan, Harutyun"]
[Result "1/2-1/2"]
[WhiteElo "2594"]
[BlackElo "2462"]
[PlyCount "69"]
[EventDate "2021.??.??"]
[WhiteTeam "Chevau légers de la Choisille"]
[BlackTeam "Nice Alekhine"]

1. d4 Nf6 2. Nf3 e6 3. c4 d5 4. Nc3 Bb4 5. cxd5 exd5 6. Bf4 O-O 7. e3 c5 8.
dxc5 Ne4 9. Rc1 Qa5 10. Bd3 Nd7 11. O-O Bxc3 12. bxc3 Ndxc5 13. Bb1 Bg4 14. h3
Bxf3 15. gxf3 Nxc3 16. Bxh7+ Kxh7 17. Qc2+ Kg8 18. Qxc3 Qxc3 19. Rxc3 Ne6 20.
Bg3 Rfc8 21. Rd3 Rc5 22. Rfd1 Rd8 23. Be5 f6 24. Bd4 Ra5 25. R1d2 Kf7 26. Kg2
g5 27. Ba1 Rd6 28. Rb3 b6 29. Rbd3 Kg6 30. Kg3 Ng7 31. Kh2 Ne6 32. a3 Kf7 33.
Bb2 Rb5 34. Kg2 Kg6 35. Rc2 1/2-1/2

[Event "CEHR Festival Mulhouse - Tournoi GMI"]
[Site "MULHOUSE"]
[Date "2021.06.26"]
[Round "3.2"]
[White "Rakotomaharo, Fy Antenaina"]
[Black "Prusikin, Michael"]
[Result "1/2-1/2"]
[WhiteElo "2435"]
[BlackElo "2547"]
[PlyCount "94"]
[EventDate "2021.??.??"]
[WhiteTeam "Mulhouse Philidor"]
[BlackTeam "C.E. Strasbourg"]

1. e4 e5 2. Nf3 Nc6 3. Bb5 a6 4. Ba4 d6 5. c3 f5 6. exf5 Bxf5 7. d4 e4 8. Ng5
Be7 9. O-O Bxg5 10. Qh5+ Bg6 11. Qxg5 Nf6 12. d5 b5 13. Bxb5 axb5 14. dxc6 O-O
15. Na3 Qe8 16. Nxb5 Qxc6 17. a4 Qd7 18. Be3 Bf7 19. Rfe1 Bc4 20. Bd4 h6 21.
Qg6 c6 22. Na3 Bd3 23. b3 Nd5 24. Nc4 c5 25. Be3 Rf6 26. Qg3 Ra6 27. Bd2 Qb7
28. Nb2 e3 29. Bxe3 Bf5 30. Qf3 Qxb3 31. Qd1 Qxd1 32. Nxd1 Bc2 33. Nb2 Rf7 34.
Rec1 Bb3 35. Ra3 c4 36. a5 Nxe3 37. fxe3 Rf5 38. Rca1 Rd5 39. h3 Rd2 40. Rb1 d5
41. Raa1 Kh7 42. Nd1 Kg6 43. Nf2 Kf5 44. Re1 Ke6 45. e4 d4 46. cxd4 Rxd4 47.
Re3 Rd2 1/2-1/2

[Event "CEHR Festival Mulhouse - Tournoi GMI"]
[Site "MULHOUSE"]
[Date "2021.06.26"]
[Round "3.3"]
[White "Burri, Quentin"]
[Black "Bailet, Pierre"]
[Result "1/2-1/2"]
[WhiteElo "2415"]
[BlackElo "2520"]
[PlyCount "93"]
[EventDate "2021.??.??"]
[WhiteTeam "Mulhouse Philidor"]
[BlackTeam "Club d'Echecs Metz Fischer"]

1. d4 Nf6 2. c4 d6 3. Nc3 e5 4. Nf3 Nbd7 5. Bg5 Be7 6. e3 O-O 7. Be2 c6 8. O-O
Re8 9. Qc2 Qc7 10. Rfd1 Nf8 11. c5 exd4 12. cxd6 Bxd6 13. Rxd4 Ng4 14. Bf4 Bxf4
15. Rxf4 Ng6 16. Rd4 Be6 17. Rad1 Qe7 18. Qd2 Nf6 19. Ng5 Bf5 20. e4 Bc8 21. f4
h6 22. Nf3 c5 23. Rd8 Nxe4 24. Nxe4 Qxe4 25. Bb5 Rxd8 26. Qxd8+ Kh7 27. f5 Qxf5
28. Qe8 Qe6 29. Rd8 Qxe8 30. Rxe8 a6 31. Bc4 Be6 32. Rxa8 Bxc4 33. b3 Bd5 34.
Rc8 Bc6 35. Kf2 f6 36. Rd8 Nf4 37. Rd2 g5 38. Ne1 Kg6 39. Rc2 Ne6 40. Nd3 b6
41. b4 Be4 42. Ke3 f5 43. Rb2 cxb4 44. Nxb4 Bb7 45. Nd3 f4+ 46. Kf2 b5 47. a4
1/2-1/2

[Event "CEHR Festival Mulhouse - Tournoi GMI"]
[Site "MULHOUSE"]
[Date "2021.06.26"]
[Round "3.4"]
[White "Terrieux, Kevin"]
[Black "Dann, Matthias"]
[Result "1-0"]
[WhiteElo "2448"]
[BlackElo "2508"]
[PlyCount "81"]
[EventDate "2021.??.??"]
[WhiteTeam "Club d'Echecs Metz Fischer"]
[BlackTeam "Saverne"]

1. d4 Nf6 2. c4 g6 3. Nc3 Bg7 4. e4 d6 5. Be2 O-O 6. h4 c5 7. d5 h5 8. Bg5 Nbd7
9. Nf3 Re8 10. O-O e5 11. dxe6 Rxe6 12. Qc2 a6 13. Rad1 Qf8 14. Rd2 Qe8 15. Nd5
Nxd5 16. exd5 Re4 17. Bd3 Rg4 18. Re2 Ne5 19. Nxe5 dxe5 20. f3 Rd4 21. Be3 Rxh4
22. Bxc5 Bd7 23. Bf2 Rf4 24. Re4 Rf5 25. Rfe1 Qd8 26. Qd2 Bf6 27. c5 h4 28. Rb4
Rh5 29. Rxb7 h3 30. g4 h2+ 31. Kh1 Bc8 32. Rb6 Qxd5 33. Rxf6 Bf5 34. Rxf5 gxf5
35. Qe2 Re8 36. Bc4 Qa8 37. Bxa6 e4 38. c6 Re6 39. fxe4 Rhh6 40. Bb7 Qe8 41. c7
1-0

[Event "CEHR Festival Mulhouse - Tournoi GMI"]
[Site "MULHOUSE"]
[Date "2021.06.26"]
[Round "3.5"]
[White "Kurmann, Oliver"]
[Black "Charnushevich, Aliaksei"]
[Result "1/2-1/2"]
[WhiteElo "2424"]
[BlackElo "2499"]
[PlyCount "36"]
[EventDate "2021.??.??"]
[WhiteTeam "Palamede Echecs"]
[BlackTeam "Tour Prends Garde! Besancon"]

1. e4 c6 2. d4 d5 3. Nd2 dxe4 4. Nxe4 Nd7 5. Bd3 Ngf6 6. Ng5 Qc7 7. N1f3 h6 8.
Ne6 fxe6 9. Bg6+ Kd8 10. O-O b6 11. c4 Bb7 12. Re1 Qd6 13. Bf7 g5 14. Rxe6 Qc7
15. Qe2 Rh7 16. Bg6 Rg7 17. Bf5 Bc8 18. h4 g4 1/2-1/2

[Event "CEHR Festival Mulhouse - Tournoi GMI"]
[Site "MULHOUSE"]
[Date "2021.06.26"]
[Round "4.1"]
[White "Rakotomaharo, Fy Antenaina"]
[Black "Georgiev, Kiril"]
[Result "0-1"]
[WhiteElo "2435"]
[BlackElo "2594"]
[PlyCount "70"]
[EventDate "2021.??.??"]
[WhiteTeam "Mulhouse Philidor"]
[BlackTeam "Chevau légers de la Choisille"]

1. e4 e5 2. Nf3 Nc6 3. d4 exd4 4. Nxd4 Nf6 5. Nxc6 bxc6 6. e5 Qe7 7. Qe2 Nd5 8.
h4 a5 9. c4 Ba6 10. b3 Nb6 11. Bb2 a4 12. Nd2 Bb7 13. O-O-O axb3 14. axb3 Qe6
15. Qe4 Bb4 16. Bd3 O-O-O 17. Nf3 c5 18. Qf4 h6 19. h5 Kb8 20. Rh3 Rhf8 21. Rg3
f6 22. exf6 gxf6 23. Rg7 d6 24. Nh4 Nd7 25. Bf5 Qe8 26. Qxh6 Ne5 27. g4 d5 28.
Ng6 Nxg6 29. Bxg6 Qc6 30. Rxd5 Qe6 31. Qf4 Qe1+ 32. Kc2 Ba5 33. Rdd7 f5 34. b4
Be4+ 35. Kb3 Qxb4+ 0-1

[Event "CEHR Festival Mulhouse - Tournoi GMI"]
[Site "MULHOUSE"]
[Date "2021.06.26"]
[Round "4.2"]
[White "Prusikin, Michael"]
[Black "Bailet, Pierre"]
[Result "1/2-1/2"]
[WhiteElo "2547"]
[BlackElo "2520"]
[PlyCount "51"]
[EventDate "2021.??.??"]
[WhiteTeam "C.E. Strasbourg"]
[BlackTeam "Club d'Echecs Metz Fischer"]

1. e4 e5 2. Nf3 Nc6 3. Bb5 a6 4. Ba4 Nf6 5. Nc3 d6 6. Bxc6+ bxc6 7. d4 exd4 8.
Qxd4 Be7 9. Bf4 O-O 10. O-O Nd7 11. Rad1 Nc5 12. Qe3 Bg4 13. h3 Bh5 14. g4 Bg6
15. Ne5 Qe8 16. Nd3 Ne6 17. Bg3 Bf6 18. e5 Bxd3 19. Rxd3 dxe5 20. Bxe5 Bg5 21.
Qg3 f5 22. f4 Be7 23. Rd2 Rd8 24. Rff2 Qg6 25. Qf3 Bd6 26. Bxd6 1/2-1/2

[Event "CEHR Festival Mulhouse - Tournoi GMI"]
[Site "MULHOUSE"]
[Date "2021.06.26"]
[Round "4.3"]
[White "Dann, Matthias"]
[Black "Burri, Quentin"]
[Result "1/2-1/2"]
[WhiteElo "2508"]
[BlackElo "2415"]
[PlyCount "40"]
[EventDate "2021.??.??"]
[WhiteTeam "Saverne"]
[BlackTeam "Mulhouse Philidor"]

1. e4 c5 2. Nf3 d6 3. d4 cxd4 4. Nxd4 Nf6 5. Nc3 Nc6 6. Bg5 e6 7. Qd3 Be7 8.
O-O-O Nxd4 9. Qxd4 O-O 10. h4 h6 11. f4 hxg5 12. hxg5 Ng4 13. Be2 e5 14. Qg1
exf4 15. Bxg4 Bxg5 16. Bf3 Re8 17. Qh2 Bh6 18. Qg1 Bg5 19. Qh2 Bh6 20. Qg1 Bg5
1/2-1/2

[Event "CEHR Festival Mulhouse - Tournoi GMI"]
[Site "MULHOUSE"]
[Date "2021.06.26"]
[Round "4.4"]
[White "Charnushevich, Aliaksei"]
[Black "Terrieux, Kevin"]
[Result "1/2-1/2"]
[WhiteElo "2499"]
[BlackElo "2448"]
[PlyCount "49"]
[EventDate "2021.??.??"]
[WhiteTeam "Tour Prends Garde! Besancon"]
[BlackTeam "Club d'Echecs Metz Fischer"]

1. Nf3 Nf6 2. c4 b6 3. g3 Bb7 4. Bg2 e6 5. O-O Be7 6. d4 O-O 7. Nc3 Ne4 8. Bd2
f5 9. Rc1 Bf6 10. Be1 a5 11. d5 Na6 12. Nd4 Nac5 13. Nxe4 fxe4 14. Nb3 Nxb3 15.
axb3 e3 16. Rc2 exf2+ 17. Bxf2 d6 18. Bd4 Bxd4+ 19. Qxd4 Rxf1+ 20. Kxf1 Kh8 21.
Bh3 Qf8+ 22. Kg2 e5 23. Qd3 Bc8 24. Bxc8 Rxc8 25. e3 1/2-1/2

[Event "CEHR Festival Mulhouse - Tournoi GMI"]
[Site "MULHOUSE"]
[Date "2021.06.26"]
[Round "4.5"]
[White "Barseghyan, Harutyun"]
[Black "Kurmann, Oliver"]
[Result "1/2-1/2"]
[WhiteElo "2462"]
[BlackElo "2424"]
[PlyCount "138"]
[EventDate "2021.??.??"]
[WhiteTeam "Nice Alekhine"]
[BlackTeam "Palamede Echecs"]

1. d4 Nf6 2. c4 e6 3. Nc3 Bb4 4. Nf3 b6 5. e3 Bb7 6. Bd2 O-O 7. Bd3 d5 8. cxd5
exd5 9. O-O Bd6 10. Rc1 c5 11. Ne5 Nc6 12. Nxc6 Bxc6 13. dxc5 bxc5 14. b3 Re8
15. h3 Rb8 16. Re1 Bc7 17. Ne2 Qd6 18. Ng3 Ba8 19. Qc2 Bb6 20. Nf5 Qc6 21. b4
c4 22. Bf1 g6 23. Nh6+ Kg7 24. Ng4 h5 25. Nxf6 Qxf6 26. Qc3 d4 27. Qxc4 dxe3
28. Bxe3 Bxe3 29. Rxe3 Rxe3 30. fxe3 Qb6 31. Qc3+ Kg8 32. Qd4 Qb7 33. Qf4 Rc8
34. Rxc8+ Qxc8 35. Bc4 Qe8 36. a3 Bc6 37. e4 Bxe4 38. Bxf7+ Qxf7 39. Qxe4 Kh7
40. Qe3 a6 41. Qd3 Qf6 42. Qb1 Qb6+ 43. Kh1 Qc6 44. Qf1 Kg8 45. Qd3 Kh7 46. Kg1
Qb6+ 47. Kf1 Qc6 48. Kf2 Qb6+ 49. Ke2 Qc6 50. Kf1 Qc1+ 51. Kf2 Qc6 52. Kg1 Qc1+
53. Kh2 Qf4+ 54. g3 Qf2+ 55. Kh1 Kh6 56. h4 Kh7 57. Qd7+ Kh6 58. Qd3 Kh7 59. a4
Qe1+ 60. Kg2 Qxb4 61. Qxa6 Qe4+ 62. Kf2 Qd4+ 63. Ke2 Qe4+ 64. Kf2 Qd4+ 65. Kf3
Qg4+ 66. Kg2 Qe4+ 67. Kh2 Qc2+ 68. Kg1 Qd1+ 69. Kf2 Qd4+ 1/2-1/2

[Event "CEHR Festival Mulhouse - Tournoi GMI"]
[Site "MULHOUSE"]
[Date "2021.06.26"]
[Round "5.1"]
[White "Georgiev, Kiril"]
[Black "Prusikin, Michael"]
[Result "1/2-1/2"]
[WhiteElo "2594"]
[BlackElo "2547"]
[PlyCount "24"]
[EventDate "2021.??.??"]
[WhiteTeam "Chevau légers de la Choisille"]
[BlackTeam "C.E. Strasbourg"]

1. d4 d5 2. c4 e6 3. Nc3 Nf6 4. Nf3 a6 5. cxd5 exd5 6. Bf4 Bd6 7. Bg3 O-O 8. e3
Bf5 9. Be2 Re8 10. Rc1 Bxg3 11. hxg3 Qd6 12. O-O Nbd7 1/2-1/2

[Event "CEHR Festival Mulhouse - Tournoi GMI"]
[Site "MULHOUSE"]
[Date "2021.06.26"]
[Round "5.3"]
[White "Burri, Quentin"]
[Black "Charnushevich, Aliaksei"]
[Result "1/2-1/2"]
[WhiteElo "2415"]
[BlackElo "2499"]
[PlyCount "37"]
[EventDate "2021.??.??"]
[WhiteTeam "Mulhouse Philidor"]
[BlackTeam "Tour Prends Garde! Besancon"]

1. d4 Nf6 2. c4 e6 3. Nc3 d5 4. cxd5 exd5 5. Bg5 Be7 6. e3 Nbd7 7. Bd3 h6 8.
Bh4 O-O 9. Nge2 c6 10. Qc2 Re8 11. O-O Ne4 12. Bxe7 Qxe7 13. Nxe4 dxe4 14. Bc4
Nf6 15. Rac1 Be6 16. Nf4 Bxc4 17. Qxc4 Rad8 18. Qc5 g5 19. Qxe7 1/2-1/2

[Event "CEHR Festival Mulhouse - Tournoi GMI"]
[Site "MULHOUSE"]
[Date "2021.06.26"]
[Round "5.4"]
[White "Terrieux, Kevin"]
[Black "Barseghyan, Harutyun"]
[Result "1/2-1/2"]
[WhiteElo "2448"]
[BlackElo "2462"]
[PlyCount "56"]
[EventDate "2021.??.??"]
[WhiteTeam "Club d'Echecs Metz Fischer"]
[BlackTeam "Nice Alekhine"]

1. e4 c5 2. Nf3 e6 3. d4 cxd4 4. Nxd4 a6 5. Nc3 b5 6. Bd3 Qb6 7. Nf3 Qc7 8. O-O
Bb7 9. Re1 d6 10. a4 bxa4 11. Nxa4 Nf6 12. b3 Be7 13. Ba3 Nc6 14. c4 Nd7 15.
Bf1 O-O 16. Nc3 Rfd8 17. Ra2 Nde5 18. Nd4 Nxd4 19. Qxd4 Bf6 20. Qd2 Nc6 21. Na4
Nd4 22. Qd1 d5 23. cxd5 exd5 24. e5 Bxe5 25. Rxe5 Qxe5 26. Bb2 Ne2+ 27. Qxe2
Qxe2 28. Bxe2 d4 1/2-1/2

[Event "CEHR Festival Mulhouse - Tournoi GMI"]
[Site "MULHOUSE"]
[Date "2021.06.26"]
[Round "5.5"]
[White "Kurmann, Oliver"]
[Black "Rakotomaharo, Fy Antenaina"]
[Result "1-0"]
[WhiteElo "2424"]
[BlackElo "2435"]
[PlyCount "89"]
[EventDate "2021.??.??"]
[WhiteTeam "Palamede Echecs"]
[BlackTeam "Mulhouse Philidor"]

1. e4 e5 2. Nf3 Nc6 3. Bb5 a6 4. Ba4 Bc5 5. O-O Nge7 6. Nxe5 Nxe5 7. d4 b5 8.
Bb3 Bxd4 9. Qxd4 d6 10. f4 c5 11. Qd2 N5c6 12. a4 Bb7 13. axb5 axb5 14. Rxa8
Bxa8 15. c3 O-O 16. Qf2 Na5 17. Bc2 f5 18. Nd2 Qc7 19. exf5 Nxf5 20. Ne4 Bd5
21. g4 Ne7 22. f5 Qc6 23. Qe2 Bc4 24. Bd3 Nd5 25. Rd1 Re8 26. Bxc4 bxc4 27. Qg2
Nb6 28. Nxd6 Qxg2+ 29. Kxg2 Re2+ 30. Kf3 Rxh2 31. Re1 Nd7 32. Re8+ Nf8 33. Be3
Rxb2 34. Bxc5 Nb3 35. Nxc4 Nxc5 36. Nxb2 Kf7 37. Re3 Kf6 38. Nd3 Nb3 39. Kf4
g5+ 40. Ke4 h5 41. Nb4 h4 42. Nd5+ Kg7 43. Kf3 Nc5 44. Re7+ Kh6 45. Nf6 1-0